Contabilidad de costos: un enfoque administrativo para la toma de decisiones
Gespeichert in:
| Hauptverfasser: | , , |
|---|---|
| Format: | Buch |
| Sprache: | Spanisch |
| Veröffentlicht: |
Ciudad de México
McGraw-Hill
1993
|
| Ausgabe: | 2a. ed |
| Schlagworte: | |
| Tags: |
Tag hinzufügen
Keine Tags, Fügen Sie den ersten Tag hinzu!
|
MARC
| LEADER | 00000nam a2200000 a 4500 | ||
|---|---|---|---|
| 001 | UCR3450 | ||
| 003 | CL-VaPUC | ||
| 005 | 20241002155323.0 | ||
| 008 | 980124e19930000MX |||||||||||||||||spa|d | ||
| 999 | |c 266523 |d 266521 | ||
| 040 | |c Pontificia Universidad Católica de Valparaíso | ||
| 082 | 0 | 4 | |a 657.4 |b BAC |2 21 |
| 100 | 0 | |a Backer, Morton |e author |9 402341 | |
| 245 | 1 | 0 | |a Contabilidad de costos: un enfoque administrativo para la toma de decisiones |
| 250 | |a 2a. ed | ||
| 260 | |a Ciudad de México |b McGraw-Hill |c 1993 | ||
| 300 | |a 743 p | ||
| 583 | |a last modification |c 20170406 02:39:14 |k Rodrigo Vera | ||
| 650 | 0 | |a Contabilidad de costes |9 891891 | |
| 650 | 0 | |a Toma de decisiones |9 257530 | |
| 650 | 0 | |a Costes de producción |9 263894 | |
| 650 | 0 | |a Contabilidad de gestión |9 891949 |x Precios | |
| 650 | 0 | |a Control presupuestario |9 345693 | |
| 700 | 0 | |a Jacobsen, Lyle |e author |9 402342 | |
| 700 | 0 | |a Ramírez Padilla, David Noel |e author |9 402343 | |
| 942 | |c BK |2 ddc | ||
| 945 | |d 19980124 00:00:00 |a aolguin | ||
| 952 | |0 0 |1 0 |4 0 |6 657_400000000000000_BAC_1993 |7 0 |8 R |9 298216 |a BIBENE |b BIBENE |d 2019-11-20 |i 1939769 |o 657.4 BAC 1993 |p 1939769 |r 2025-01-15 |w 2019-11-20 |y BK_R |k ICO | ||
| 952 | |0 0 |1 0 |4 0 |6 657_400000000000000_BAC_1993 |7 0 |8 R |9 298217 |a BIBENE |b BIBENE |d 2019-11-20 |i 1939718 |o 657.4 BAC 1993 |p 1939718 |r 2025-01-15 |w 2019-11-20 |y BK_R |k ICO | ||